000 00642nam a2200229Ia 4500
003 BUBTL
008 151213s9999 xx 000 0 und d
020 _a
041 _aEnglish
082 _21st ed.
_a346.0134/ F5191w/ 1996
100 _aFiroze, Fawzia Karim
_95631
245 _aWomen Law Code (1856-1946):
_cFawzia Karim Firoze
250 _a1st ed.
260 _aDhaka
_bInstitution Law and Development
_cc1996
300 _a296 p. :
_bill. ; 22 cm.
650 0 _aLaw
_92102
650 _a
700 _aFawzia Karim Firoze
_95632
856 _k0
_l0
_yDownload
942 _2ddc
_cBK
999 _c3179
_d3179